Mística para una nueva era : de la teología dogmática a la conversión del corazón /

Gespeichert in:
Bibliographische Detailangaben
1. Verfasser: Johnston, William (autor)
Format: Buch
Sprache:Spanisch
Veröffentlicht: Bilbao, España : Desclée de Brouwer, 2002, c2002
Tags: Tag hinzufügen
Keine Tags, Fügen Sie das erste Tag hinzu!

MARC

LEADER 00000nam^a2200000^a^4500
001 000446223
005 20250521000000.0
009 20260310123601.712
020 |a 84-330-1801-9 
037 |a Acervo Xavier Clavigero 
041 |a ESP 
091 |a FCA. 01334 
100 |a Johnston, William  |e (autor) 
245 1 0 |a Mística para una nueva era :  |b de la teología dogmática a la conversión del corazón / 
264 4 |a Bilbao, España :  |b Desclée de Brouwer,  |c 2002, c2002 
300 |a 347 p. 
336 |a texto  |b txt  |2 rdacontenido 
337 |a sin mediación  |b n  |2 rdamedio 
338 |a volumen  |b nc  |2 rdasoporte 
649 |a XX 
910 |a Fondo Xavier Cacho Vázquez S.J. 
920 |a Impresos - Libros 
930 |a Fondos Especiales 
905 |a 131 
901 |a 0500376684  |b IT2  |c ESP  |i D  |u 20250521 
902 |a https://opac.biblio.iteso.mx/vufind/Record/000446223